<?xml version="1.0" encoding="UTF-8"?>
<marc:record xmlns:marc="http://www.loc.gov/MARC21/slim">
   <marc:leader>00000nam a2200000 a 4500</marc:leader>
   <marc:datafield ind1="1" ind2=" " tag="100">
      <marc:subfield code="a">Carboneill, Bénédicte</marc:subfield>
      <marc:subfield code="4">aut</marc:subfield>
      <marc:subfield code="e">Verfasser/-in</marc:subfield>
   </marc:datafield>
   <marc:datafield ind1="1" ind2=" " tag="100">
      <marc:subfield code="a">Derullieux, Michaël</marc:subfield>
      <marc:subfield code="4">aut</marc:subfield>
      <marc:subfield code="e">Verfasser/-in</marc:subfield>
   </marc:datafield>
   <marc:datafield ind1="0" ind2="0" tag="245">
      <marc:subfield code="a">Der Lesewolf</marc:subfield>
   </marc:datafield>
   <marc:datafield ind1="0" ind2="0" tag="245">
      <marc:subfield code="c">Bénédicte Carboneill ; Michaël Derullieux</marc:subfield>
   </marc:datafield>
   <marc:datafield ind1=" " ind2="1" tag="264">
      <marc:subfield code="a">Zürich</marc:subfield>
      <marc:subfield code="b">Kein &amp; Aber AG</marc:subfield>
      <marc:subfield code="c">2018</marc:subfield>
   </marc:datafield>
   <marc:datafield ind1="1" ind2=" " tag="520">
      <marc:subfield code="a">"Wer wagt es, mich in meinem Schlaf zu stören?" grummelt der Wolf. Es ist ein Vater, der auf einer schattigen Bank unter dem Baum sitzt und seiner Tochter aus einem Buch vorliest. Der Wolf wird neugierig, denn die Geschichte ist so spannend, dass er unbedingt das Ende erfahren will. Aber er hat Pech und Glück zugleich, denn der Vater geht mit seiner Tochter nach Hause, bevor er die Geschichte fertig gelesen. Zum großen Glück für den Wolf ist ihm aber das Buch aus der Tasche gefallen. Jetzt muss der Wolf nur noch jemanden finden, der ihm aus dem Buch vorlesen kann, denn er selber kann leider nicht lesen. Er fragt alle Tiere im Wald, aber sie fürchten sich vor ihm. Alle, außer einem kleinen aber mutigen Hasen, der ihm vorliest und eine Erfahrung macht...</marc:subfield>
   </marc:datafield>
   <marc:datafield ind1=" " ind2=" " tag="020">
      <marc:subfield code="a">9783038761365</marc:subfield>
      <marc:subfield code="9">9783038761365</marc:subfield>
   </marc:datafield>
   <marc:datafield ind1=" " ind2=" " tag="020">
      <marc:subfield code="a">3038761362</marc:subfield>
      <marc:subfield code="9">3038761362</marc:subfield>
   </marc:datafield>
   <marc:datafield ind1=" " ind2=" " tag="300">
      <marc:subfield code="a">14 Blatt; Ill.;</marc:subfield>
   </marc:datafield>
</marc:record>
